000 00622nam a2200241 i 4500
001 C2-0023028
003 PPAK
005 20190630222001.0
008 970203s1979 enka|||| ||||| | eng d
020 _a0356084159
040 _aPPAK
_beng
_cPPAK
_erda
082 0 4 _a788.6
_223
090 0 0 _a788.6
_bBRY
_dG
100 1 _aBrymer, Jack,
_eauthor
245 1 0 _aClarinet
264 1 _aLondon :
_bMacDonald and Jone's ,
_c1979
300 _a259 pages :
_billustrations ;
_c22 cm
336 _2rdacontent
_atext
337 _2rdamedia
_aunmediated
338 _2rdacarrier
_avolume
650 1 0 _aClarinet
942 _ddc
_cB
999 _c4687
_d4687